000 00469nam a2200181Ia 4500
001 18639
005 20260306171645.0
008 260306s9999||||xx |||||||||||||| ||und||
041 _aESP
082 _a658.4092
_bN86
100 _aNovak, David
_eAUT
245 0 _aLlevando a tu equipo contigo:
_bla única forma de alcanzar grandes objetivos
260 _c2012
300 _a249 páginas :
_c23 cm.
650 _aGEN
654 _aCAN
942 _cLIB
_dJUS
_fJUS
_2ddc
_n
999 _c18639
_d18639